| 000 | 00535nam a2200181 a 4500 | ||
|---|---|---|---|
| 005 | 20240815063712.0 | ||
| 008 | 991125s1978 mx 000 0 spa u | ||
| 035 | _aUPN01000005828 | ||
| 049 | _aCG | ||
| 050 | 4 |
_aQL751 _aV3.28 |
|
| 100 | 1 | _aVan Sommers, Peter | |
| 245 | 1 | 0 |
_aBiología de la conducta / _cPeter Van Sommers ; tr. José Hurtado Vega. |
| 260 |
_aMéxico : _bLimusa, _c1978. |
||
| 300 |
_a207 p. : _bil. |
||
| 440 | 0 | _aTemas básicos de psicología | |
| 650 | 4 |
_aAnimales _xHábitos y comportamiento _91059 |
|
| 905 | _aLibro | ||
| 999 |
_c5828 _d5828 |
||